Κατάλογος Βιβλιοθηκών Mediterranean College

Παιδικές Βιβλιοθήκες - Bibliotheques Pour Enfants - Children's Libraries / -1- (Record no. 4019)

MARC details
000 -LEADER
fixed length control field 01042cam a22001694a 4500
005 - ΗΜΕΡΟΜΗΝΙΑ ΚΑΙ ΩΡΑ ΤΕΛΕΥΤΑΙΑΣ ΕΝΗΜΕΡΩΣΗΣ
Πεδίο ελέγχου 20250605163420.0
008 - FIXED-LENGTH DATA ELEMENTS--GENERAL INFORMATION
Πεδίο ελέγχου σταθερού μήκους 250528s ||||||||||||||||||||||||d
035 ## - SYSTEM CONTROL NUMBER
System control number 18683
040 ## - ΠΗΓΗ ΚΑΤΑΛΟΓΟΓΡΑΦΗΣΗΣ
Φορέας πρωτότυπης καταλογογράφησης MC Athens Campus Library
Γλώσσα καταλογογράφησης Ελληνικά, Μοντέρνα (1453-)
Modifying agency MC Athens Campus Library
Κανόνες περιγραφικής καταλογογράφησης AACR2
245 1# - ΤΙΤΛΟΣ ΚΑΙ ΔΗΛΩΣΗ ΥΠΕΥΘΥΝΟΤΗΤΑΣ
Τίτλος Παιδικές Βιβλιοθήκες - Bibliotheques Pour Enfants - Children's Libraries / -1-
260 ## - PUBLICATION, DISTRIBUTION, ETC.
Name of publisher, distributor, etc. Κέντρο Παιδικού Και Εφηβικού Βιβλίου
300 ## - PHYSICAL DESCRIPTION
Extent 108
520 ## - SUMMARY, ETC.
Summary, etc. Αντί Προλόγου, Ένα Πρόγραμμα Ζωής, Βιβλιοθήκες, Κέντρο Παιδικού και Εφηβικού Βιβλίου, Μια Αγροτική Βιβλιοθήκη, Βιβλιοθήκες: Εμπειρίες και Προτάσεις, Η Παιδική Βιβλιοθήκη: Απ'τη Σκοπιά του Αρχιτέκτονα, Η Συμβολή της Παιδικής Βιβλιοθήκης σε μια Αγροτική Κοινότητα: Το Παράδειγμα του Βελβενδού.
942 ## - ADDED ENTRY ELEMENTS (KOHA)
Koha item type Books
Holdings
Τύπος τεκμηρίου Βιβλιοθήκη Τρέχουσα τοποθεσία Barcode Αριθμός εισαγωγής Ημερομηνία απόκτησης Ταξιθετικό σύμβολο Αριθμός αντιτύπου Κατάσταση απόσυρσης Κατάσταση χαμένου Κατάσταση κατεστραμμένου Μη δανεισμός Σύνολο δανεισμών Ημερομηνία τελευταίας εμφάνισης Η τιμή ισχύει από
Books MC Athens Campus Library MC Athens Campus Library 9780000040183 3591 05/06/2025 027.625 PΑΙ 1           05/06/2025 05/06/2025

MC Athens Campus Library
Πατησίων 94 & Κοδριγκτώνος 13, 104 34
Πελλήνης 8 & Πατησίων 107, 112 51
Τ: +30 210 8899600

MC Thessaloniki Campus Library
Ίωνος Δραγούμη 21, 54625 | Ίωνος Δραγούμη 15, 54625
Τ: +30 2310 287779 – Τ: +30 2314 440300